000 00998nam2a22002411 4500
001 v19\rc\2060127
005 20250620024346.0
035 _a(NLR Aleph) 005137042
090 _a4765572
_c4765572
100 _a20081111d1915 |||y0rusy50 ca
101 0 _arus
102 _aRU
105 _ay z |||||
200 1 _aБереги, народ русский, святую веру православную!
210 _d[1915]
_aБ. м.
215 _a4 с.
461 0 _1001v19\rc\2060102
_12001#$aИздание Одесского свято-Андреевского братства$e№ 215-$v№ 306
_94765324
_aОдесское епархиальное Свято-Андреевское братство
_cОдесса
_d[1909]-[1915]
_o№ 215-
_tИздание Одесского свято-Андреевского братства
_v№ 306
801 0 _aRU
_bNLR
_gpsbo
801 1 _aRU
_bProSoft-M
_2rusmarc
852 _aNLR
_j37.62.8.79
852 _aNLR
_j20.89.8.332
942 _cBOOK
980 _aNB